Cẩm nang điều trị trong gia đình = The doctors book of home remedies : thousands of tips and teachniques anyone can use to heal everyday health problems

সংরক্ষণ করুন:
গ্রন্থ-পঞ্জীর বিবরন
প্রধান লেখক: Don Barone
বিন্যাস: গ্রন্থ
ভাষা:Undetermined
প্রকাশিত: Tp HCM Trẻ 1994
বিষয়গুলি:
ট্যাগগুলো: ট্যাগ যুক্ত করুন
কোনো ট্যাগ নেই, প্রথমজন হিসাবে ট্যাগ করুন!
Thư viện lưu trữ: Trung tâm Học liệu Trường Đại học Cần Thơ
LEADER 00611nam a2200181Ia 4500
001 CTU_7415
008 210402s9999 xx 000 0 und d
082 |a 615.502 
082 |b B265 
100 |a Don Barone 
245 0 |a Cẩm nang điều trị trong gia đình 
245 0 |b = The doctors book of home remedies : thousands of tips and teachniques anyone can use to heal everyday health problems 
245 0 |c Don Barone; Dịch giả: Hoàng Ninh Hùng 
260 |a Tp HCM 
260 |b Trẻ 
260 |c 1994 
650 |a therapeutics 
980 |a Trung tâm Học liệu Trường Đại học Cần Thơ